Analýza bonus certifikátov

Bonus certifikáty sú investičné certifikáty, moderných štruktúrovaných produktov určených pre individuálnych investorov, ktorých výnos sa viaže na výnos podkladového aktíva. Funkcie zisku pre tento typ certifikátu. Alternatívna investičná príležitosť, splatnosť certifikátu, vopred definovaný zisk pr...

Ausführliche Beschreibung

Gespeichert in:
Bibliographische Detailangaben
1. Verfasser: Kundríková, Zuzana
Format: Buchkapitel
Sprache:Slowakisch
Schlagworte:
Tags: Tag hinzufügen
Keine Tags, Fügen Sie das erste Tag hinzu!

MARC

LEADER 00000nla$a2200000$$$4500
001 0105531
005 20221128083441.8
041 0 |a slo 
044 |a SK 
245 1 0 |a Analýza bonus certifikátov  |c Zuzana Kundríková 
520 |a Bonus certifikáty sú investičné certifikáty, moderných štruktúrovaných produktov určených pre individuálnych investorov, ktorých výnos sa viaže na výnos podkladového aktíva. Funkcie zisku pre tento typ certifikátu. Alternatívna investičná príležitosť, splatnosť certifikátu, vopred definovaný zisk profilu. 
610 2 0 |a certifikáty investičné 
610 2 0 |a aktíva 
610 2 0 |a výnosy 
610 2 0 |a zisk 
610 2 0 |a vývoj cenový 
610 2 0 |a stratégia investičná 
610 2 0 |a opcie 
100 1 |a Kundríková, Zuzana